Thermodynamics

Kaydedildi:
Detaylı Bibliyografya
Yazar: Van Wylen, Gordon John (Yazar)
Materyal Türü: Kitap
Dil:İngilizce
Baskı/Yayın Bilgisi: Nueva York John Wiley & Sons 1959
Seri Bilgileri:Wiley International Edition
Konular:
Etiketler: Etiketle
Etiket eklenmemiş, İlk siz ekleyin!

MARC

LEADER 00000nam a2200000 a 4500
001 UCU3273
003 CL-VaPUC
008 960502e19590000US |||||||||||||||||eng|d
082 0 4 |a 536.7  |b VAN  |2 21 
100 0 |a Van Wylen, Gordon John  |e author  |9 360145 
245 1 0 |a Thermodynamics 
300 |a 601 p 
942 |c BK 
945 |d 19960502 00:00:00  |a lriquelm 
260 |a Nueva York  |b John Wiley & Sons  |c 1959 
650 0 |a Termodinámica   |9 259320 
650 0 |a Entropía  |9 262675 
650 7 |a PROPIEDADES TERMODINAMICAS  |2 CL-VaPUC  |9 357585 
650 0 |a Calor específico  |9 259409 
650 7 |a CALORIMETRIA  |2 CL-VaPUC  |9 360146 
650 0 |a Refrigeración  |9 259343 
650 0 |a Combustión  |9 339668 
583 |a last modification  |c 19960502 00:00:00  |k Rodrigo Vera 
490 0 |a Wiley International Edition 
999 |c 247342  |d 247340 
952 |0 0  |1 0  |4 0  |6 536_700000000000000_VAN_1959  |7 0  |8 A  |9 263203  |a BIBING  |b BIBING  |d 2019-11-19  |i 1653806  |l 1  |o 536.7 VAN 1959  |p 1653806  |r 2025-01-20  |s 2023-07-04  |w 2019-11-19  |y BK  |k EIQ